| 000 | 009270000a22001810004500 | ||
|---|---|---|---|
| 001 | 13460 | ||
| 041 | 0 | _aSPA | |
| 082 | 0 | 4 | _aG 296.815 B714d |
| 100 | 1 | _aJiménez, M. | |
| 245 | 1 | 0 | _aLos documentos de Qumrán / M. Jiménez, F. Bonhomme |
| 260 | _aMadrid : Cristiandad | ||
| 300 | _a255 Pag | ||
| 505 | 0 | 0 | _a- Regla de la Congregación de los habitantes del desierto de Judá - Documento de Damasco - Documento de las dos columnas - Los himnos de Qumrán - Fragmentos de himnos - Manual de la guerra de los hijos de la luz contra los hijos de las tinieblas - Comentarios bíblicos: Habacuc, Melquisedec, Samuel, Isaías, Nahún, Oseas, Miqueas, - Bendiciones patriarcales - Colección de oraciones litúrgicas - El rollo de los Salmos - Florilegio - Los rollos de cobre - El rollo del templo |
| 942 | _cBK | ||
| 999 |
_c42437 _d42437 |
||
| 336 |
_atexto _btxt _2rdacontent |
||
| 337 |
_2rdamedia _asin mediación _bn |
||
| 338 |
_2rdacarrier _avolumen _bnc |
||